| 000 | 01655nam a2200385 a 4500 | ||
|---|---|---|---|
| 001 | ebr10602398 | ||
| 003 | CaPaEBR | ||
| 006 | m u | ||
| 007 | cr cn||||||||| | ||
| 008 | 020813s2012 ne a sb 000 0 eng d | ||
| 010 | _z 2012534248 | ||
| 020 | _z9789460919503 (hardback) | ||
| 020 | _z9460919502 (hardback) | ||
| 020 | _z9789460919497 (pbk.) | ||
| 020 | _z9460919499 (pbk.) | ||
| 020 | _z9789460919510 (e-book) | ||
| 040 |
_aCaPaEBR _cCaPaEBR |
||
| 035 | _a(OCoLC)810275816 | ||
| 050 | 1 | 4 |
_aLB2806 _b.Q35 2012eb |
| 245 | 0 | 0 |
_aQuality and qualities _h[electronic resource] : _btensions in education reforms / _cedited by Clementina Acedo, Don Adams and Simona Popa. |
| 260 |
_aRotterdam ; _aBoston : _bSense Publishers : _bUnited Nations Educational, Scientific and Cultural Organization : _bInternational Bureau of Education, _cc2012. |
||
| 300 |
_avii, 213 p. : _bill. |
||
| 490 | 1 |
_aComparative and international education : a diversity of voices ; _vv. 16 |
|
| 504 | _aIncludes bibliographical references. | ||
| 533 |
_aElectronic reproduction. _bPalo Alto, Calif. : _cebrary, _d2013. _nAvailable via World Wide Web. _nAccess may be limited to ebrary affiliated libraries. |
||
| 650 | 0 | _aEducational change. | |
| 650 | 0 | _aEducation and state. | |
| 655 | 7 |
_aElectronic books. _2local |
|
| 700 | 1 | _aAcedo, Clementina. | |
| 700 | 1 | _aAdams, Don. | |
| 700 | 1 | _aPopa, Simona. | |
| 710 | 2 | _aebrary, Inc. | |
| 830 | 0 |
_aComparative and international education (Sense Publishers) ; _vv. 16. |
|
| 856 | 4 | 0 |
_uhttp://site.ebrary.com/lib/rucke/Doc?id=10602398 _zAn electronic book accessible through the World Wide Web; click to view |
| 999 |
_c194950 _d194950 |
||